| 000 | 00949nam a22002297a 4500 | ||
|---|---|---|---|
| 005 | 20100407152525.0 | ||
| 008 | 100407t xxu||||| |||| 00| 0 eng d | ||
| 010 | _aENG-95995 | ||
| 020 |
_a9788131730768 _c325.00 |
||
| 035 | _aEN-79528 | ||
| 037 | _bDBAD/VEN | ||
| 040 |
_adpl _bEnglish |
||
| 082 | _a302.222 | ||
| 100 | _aBorg, James | ||
| 245 |
_aBody language: _cby James Borg _b7 easy lessons to master the silent language/ |
||
| 260 |
_aDelhi _bDorling Kindersley (India) Pvt. Ltd. Licensees of Pearson Education _c2010 |
||
| 270 |
_a14, Local Shopping Centre, Panchsheel Park _bDelhi _e110017 |
||
| 300 |
_axiii, 237p. : _c23 cm. (pbk) |
||
| 942 |
_adpl _cEN _2ddc _mBOR _h302.222 |
||
| 999 |
_c35140 _d35140 |
||